Historic American Events by Date - Statistics

General Stats
  • This quiz has been taken 21 times
  • The average score is 8 of 15
Answer Stats
Date Event % Correct
September 11, 2001 September 11th attacks
100%
January 19, 2020 First American case of COVID-19
83%
October 29, 1929 Wall Street Crash of 1929
78%
July 4, 1776 Declaration of Independence signed
72%
July 7, 1941 Attack on Pearl Harbor
67%
July 20, 1969 First moon landing
67%
November 22, 1963 Assassination of John F. Kennedy
61%
July 1, 1863 Battle of Gettysburg begins
50%
January 28, 1986 Challenger explosion
50%
April 14, 1865 Assassination of Abraham Lincoln
44%
August 6, 1945 Bombing of Hiroshima
44%
November 11, 1918 WWI ends
44%
December 20, 1860 Secession of South Carolina
28%
May 17, 1954 Brown v. Board of Education is decided
11%
February 2, 1848 Treaty of Guadelupe Hidalgo signed
6%
No matching quizzes found
Score Distribution
Percent of People with Each Score
Percentile by Number Answered
Your Score History
You have not taken this quiz